01245nam a2200325Ia 4500001001200000003000800012006001900020007001500039008004100054010001700095020001500112020001500127040002100142035002100163050002700184245013000211250001200341260004300353300001100396504005100407533015200458650003500610650002500645655002900670700002600699700003400725710001700759856012600776999001700902ebr10135541CaPaEBRm u cr cn|||||||||020918s2003 nyu sb 001 0 eng d z 2002033306 z1403981736 z0312239696 aCaPaEBRcCaPaEBR a(OCoLC)64753591514aBL65.P7bR43355 2003eb00aReligion and the formation of Taiwanese identitiesh[electronic resource] /cedited by Paul R. Katz and Murray A. Rubinstein. a1st ed. aNew York :bPalgrave Macmillan,c2003. a294 p. aIncludes bibliographical references and index. aElectronic reproduction.bPalo Alto, Calif. :cebrary,d2007.nAvailable via World Wide Web.nAccess may be limited to ebrary affiliated libraries. 0aReligion and politicszTaiwan. 0aNationalismzTaiwan. 7aElectronic books.2local1 aKatz, Paul R.,d1961-1 aRubinstein, Murray A.,d1942-2 aebrary, Inc.40uhttp://site.ebrary.com/lib/rucke/Doc?id=10135541zAn electronic book accessible through the World Wide Web; click to view c85547d85547